000 00977nam a2200229 i 4500
001 183363
003 ES-MaACL
005 20240125063158.0
008 140331s1930 sp | |||| ||spa d
080 _a159.9(081) Freud, Sigmund
100 1 _aFreud, Sigmund,
_d1856-1939
_952547
245 1 3 _aEl porvenir de las religiones
_b; El porvenir de una ilusión ; Técnica de la psicoanális ; Introducción al narcisismo ; ensayos /
_cSigmund Freud ; traducción directa del alemán de Luis López-Ballesteros y de Torres.
250 _a1ª ed.
260 _aMadrid :
_bBiblioteca Nueva,
_c1930 (
_eSegovia :
_fEst. tip. El Adelantado de Segovia)
300 _a287 p. ;
_c22 cm.
490 1 _aObras completas del profesor S. Freud ;
_v14
650 0 4 _aPsicoanálisis.
_916530
700 1 _aLópez-Ballesteros y de Torres, Luis.
_973432
830 0 _aObras completas del profesor S. Freud ;
_v14
_9191914
852 _aES-MaACL
_jC-21037
999 _c183363
_d183363